Myths and Tales Book / (Record no. 290311)
[ view plain ]
| 000 -LEADER | |
|---|---|
| fixed length control field | 00507nam a2200181Ia 4500 |
| 008 - FIXED-LENGTH DATA ELEMENTS--GENERAL INFORMATION | |
| fixed length control field | 160114s9999 xx 000 0 und d |
| 020 ## - INTERNATIONAL STANDARD BOOK NUMBER | |
| International Standard Book Number | 0-717257762 |
| 050 ## - LIBRARY OF CONGRESS CALL NUMBER | |
| Classification number | 745.5 |
| 050 ## - LIBRARY OF CONGRESS CALL NUMBER | |
| Item number | .C885 2003 |
| 100 ## - MAIN ENTRY--PERSONAL NAME | |
| Personal name | Speechley, Greta. |
| 245 ## - TITLE STATEMENT | |
| Title | Myths and Tales Book / |
| Statement of responsibility, etc | Greta Speechley. |
| 260 ## - PUBLICATION, DISTRIBUTION, ETC. (IMPRINT) | |
| Place of publication, distribution, etc | Danbury : |
| Name of publisher, distributor, etc | Grolier. |
| Date of publication, distribution, etc | 2003 |
| 300 ## - PHYSICAL DESCRIPTION | |
| Extent | 32 pages; |
| Other physical details | col. Illustrations, |
| Dimensions | 28 cm. |
| 440 ## - SERIES STATEMENT/ADDED ENTRY--TITLE | |
| Title | Crafts for Kids |
| 500 ## - GENERAL NOTE | |
| General note | Includes index. |
| 650 ## - SUBJECT ADDED ENTRY--TOPICAL TERM | |
| Topical term or geographic name as entry element | Handicrafts-- |
| 650 ## - SUBJECT ADDED ENTRY--TOPICAL TERM | |
| General subdivision | Juvenile literature. |
| Withdrawn status | Lost status | Damaged status | Home library | Current library | Shelving location | Date acquired | Total Checkouts | Full call number | Date last seen | Price effective from | Koha item type |
|---|---|---|---|---|---|---|---|---|---|---|---|
| Stonyhurst Southville International School (Batangas) | Stonyhurst Southville International School (Batangas) | Grade School Section | 01/14/2016 | 745.5 .C885 2003 | 01/14/2016 | 01/14/2016 | Books |